Calciatori della Liga nella Squadra dell'anno UEFA - Statistics

Statistiche generali
  • Questo quiz è stato fatto 8 volte
  • Il punteggio medio è 26 su 38
Statistiche sulle risposte
Numero apparizioni Edizioni apparizioni Nazione Squadra Calciatore % Corretto
12 2009; 2010; 2011; 2012; 2013; 2014; 2015; 2016; 2017; 2018; 2019; 2020 Portogallo Real Madrid Cristiano Ronaldo
100%
1 2019 Paesi Bassi Barcellona Frenkie de Jong
100%
12 2008; 2009; 2010; 2011; 2012; 2014; 2015; 2016; 2017; 2018; 2019; 2020 Argentina Barcellona Lionel Messi
100%
3 2016; 2017; 2018 Croazia Real Madrid Luka Modrić
100%
1 2002 Brasile Real Madrid Ronaldo
100%
3 2001; 2002; 2003 Francia Real Madrid Zinédine Zidane
100%
6 2009; 2010; 2011; 2012; 2015; 2016 Spagna Barcellona Andrés Iniesta
80%
1 2010 Spagna Valencia / Barcellona David Villa
80%
1 2014 Uruguay Atletico Madrid Diego Godín
80%
1 2006 Italia Real Madrid Fabio Cannavaro
80%
6 2007; 2008; 2009; 2010; 2011; 2012 Spagna Real Madrid Iker Casillas
80%
1 2015 Colombia Real Madrid James Rodríguez
80%
1 2009 Brasile Real Madrid Kaká
80%
1 2015 Brasile Barcellona Neymar
80%
3 2004; 2005; 2006 Brasile Barcellona Ronaldinho
80%
2 2005; 2006 Camerun Barcellona Samuel Eto'o
80%
3 2014; 2016; 2017 Germania Real Madrid Toni Kroos
80%
5 2008; 2009; 2010; 2011; 2012 Spagna Barcellona Xavi
80%
1 2009 Svezia Barcellona Zlatan Ibrahimović
80%
1 2014 Argentina Real Madrid Ángel Di María
60%
1 2016 Atletico Madrid Atletico Madrid Antoine Griezmann
60%
6 2002; 2005; 2006; 2008; 2009; 2010 Spagna Barcellona Carles Puyol
60%
4 2007; 2009; 2011; 2015 Brasile Barcellona / Siviglia Dani Alves
60%
1 2013 Galles Real Madrid Gareth Bale
60%
5 2010; 2011; 2012; 2015; 2016 Spagna Barcellona Gerard Piqué
60%
1 2006 Italia Barcellona Gianluca Zambrotta
60%
1 2003 Portogallo Real Madrid Luís Figo
60%
1 2018 Germania Barcellona Marc-André ter Stegen
60%
3 2011; 2017; 2018 Brasile Real Madrid Marcelo
60%
1 2013 Germania Real Madrid Mesut Özil
60%
1 2018 Francia Real Madrid Raphaël Varane
60%
9 2008; 2012; 2013; 2014; 2015; 2016; 2017; 2018; 2020 Spagna Real Madrid Sergio Ramos
60%
1 2007 Francia Barcellona Éric Abidal
40%
2 2002; 2003 Brasile Real Madrid Roberto Carlos
40%
1 2001 Romania Alavés Cosmin Contra
20%
1 2001 Argentina Valencia Kily González
20%
1 2001 Svezia Barcellona Patrik Andersson
20%
1 2001 Spagna Valencia Santiago Cañizares
20%
Nessun quiz corrispondente trovato
Distribuzione punteggi
Percentuale di utenti per punteggio
Percentile per numero di risposta
I tuoi punteggi nel tempo
Non hai fatto questo quiz